| 000 | 00411nam a2200181Ia 4500 | ||
|---|---|---|---|
| 001 | 9680 | ||
| 005 | 20260306161736.0 | ||
| 008 | 260306t2010||||xx |||||||||||||| ||spa|| | ||
| 041 | _aESP | ||
| 082 |
_a392.60937 _bV939 |
||
| 100 |
_aVeyne, Paul _eAUT |
||
| 245 | 0 | _aSexo y poder en Roma | |
| 260 | _c2010 | ||
| 300 |
_a171 páginas : _c23 cm. |
||
| 650 | _aGEN | ||
| 654 | _aCHU | ||
| 942 |
_cLIB _dJUS _fJUS _2ddc _n |
||
| 999 |
_c9680 _d9680 |
||